000 00702cam a2200229 a 4500
001 3052053
005 20250220185725.0
008 960415s1997 ilua b 001 0 eng
020 _a0256179557
020 _a9780256179552
050 0 0 _aHD30.22
_b.B38 1997
082 0 0 _a338.5/024658
_220
100 1 _aBaye, Michael R.,
_d1958-
245 1 0 _aManagerial economics and business strategy /
_cMichael R. Baye.
250 _a2nd ed.
260 _aChicago :
_bIrwin,
_cc1997.
300 _axxiii, 562 p. :
_bill. ;
_c24 cm. +
_e1 computer disk (3 1/2 in.)
440 4 _aThe Irwin series in economics
650 0 _aManagerial economics.
650 0 _aStrategic planning.
942 _2lcc
_cBK
_e2nd Ed.
_n0
999 _c3996
_d3996